| 000 | 00780nam a2200229Ii 4500 | ||
|---|---|---|---|
| 003 | JO-AjNU | ||
| 008 | 230605s9999||||xx |||||||||||||| ||und|| | ||
| 017 | _a2018/4/2033 | ||
| 020 | _a978-9957-95-560-1 | ||
| 040 |
_aJO-AjNU _bara _erda _cJO-AjNU |
||
| 041 | _aara | ||
| 050 | 1 | 4 | _aHD1415. 2020 |
| 100 | 3 |
_aمسعودي، محمد, _eauthor _964275 |
|
| 245 | 0 | 0 | _aاقتصاديات البيئة والتنمية المستدامة: الأسس والمبادئ النظرية |
| 250 | _aط1 | ||
| 264 | 3 | 1 | _aعمان: دار الايام للنشر والتوزيع، 2020 |
| 300 | _a238ص | ||
| 336 |
_atext _btxt _2rdacontent |
||
| 337 |
_aunmediated _bn _2rdamedia |
||
| 338 |
_avolume _bnc _2rdacarrier |
||
| 650 | 4 |
_aالاقتصاد البيئي-البيئة _964276 |
|
| 999 |
_aA29201 _c32769 _d32769 |
||